Sports Quiz

Random Sports or Soccer Quiz
Score 0/99 Timer 10:00
0 Plays Today
Hint Answer % Correct
Team of the Year 2012Gianluigi Buffon
98.6%
Team of the Year 2014Gianluigi Buffon
98.6%
Team of the Year 2015Gianluigi Buffon
98.6%
Team of the Year 2016Gianluigi Buffon
98.6%
Team of the Year 2017Gianluigi Buffon
98.6%
Team of the Year 2015Leonardo Bonucci
97.9%
Team of the Year 2016Leonardo Bonucci
97.9%
Team of the Year 2017Leonardo Bonucci
97.9%
Team of the Year 2011Zlatan Ibrahimović
97.2%
Team of the Year 2012Zlatan Ibrahimović
97.2%
Team of the Year 2013Giorgio Chiellini
97.2%
Team of the Year 2015Giorgio Chiellini
97.2%
Team of the Year 2016Giorgio Chiellini
97.2%
Team of the Year 2018Giorgio Chiellini
97.2%
Team of the Year 2019Giorgio Chiellini
97.2%
Team of the Year 2011Samir Handanović
96.6%
Team of the Year 2011Marek Hamšík
96.6%
Team of the Year 2011Edinson Cavani
96.6%
Team of the Year 2012Andrea Barzagli
96.6%
Team of the Year 2012Andrea Pirlo
96.6%
Team of the Year 2012Edinson Cavani
96.6%
Team of the Year 2013Samir Handanović
96.6%
Team of the Year 2013Andrea Barzagli
96.6%
Team of the Year 2013Arturo Vidal
96.6%
Team of the Year 2013Andrea Pirlo
96.6%
Team of the Year 2013Edinson Cavani
96.6%
Team of the Year 2014Andrea Barzagli
96.6%
Team of the Year 2014Arturo Vidal
96.6%
Team of the Year 2014Andrea Pirlo
96.6%
Team of the Year 2014Gonzalo Higuain
96.6%
Team of the Year 2015Andrea Pirlo
96.6%
Team of the Year 2016Andrea Barzagli
96.6%
Team of the Year 2016Miralem Pjanić
96.6%
Hint Answer % Correct
Team of the Year 2016Marek Hamšík
96.6%
Team of the Year 2016Gonzalo Higuain
96.6%
Team of the Year 2017Miralem Pjanić
96.6%
Team of the Year 2017Marek Hamšík
96.6%
Team of the Year 2017Gonzalo Higuain
96.6%
Team of the Year 2018Miralem Pjanić
96.6%
Team of the Year 2019Samir Handanović
96.6%
Team of the Year 2019Miralem Pjanić
96.6%
Team of the Year 2019Cristiano Ronaldo
96.6%
Team of the Year 2014Paul Pogba
95.9%
Team of the Year 2015Paul Pogba
95.9%
Team of the Year 2016Paul Pogba
95.9%
Team of the Year 2016Paulo Dybala
95.9%
Team of the Year 2017Paulo Dybala
95.9%
Team of the Year 2018Paulo Dybala
95.9%
Team of the Year 2017Dries Mertens
95.2%
Team of the Year 2016Kalidou Koulibaly
94.5%
Team of the Year 2017Kalidou Koulibaly
94.5%
Team of the Year 2018Kalidou Koulibaly
94.5%
Team of the Year 2019Kalidou Koulibaly
94.5%
Team of the Year 2014Ciro Immobile
93.8%
Team of the Year 2014Carlos Tevez
93.8%
Team of the Year 2015Carlos Tevez
93.8%
Team of the Year 2018Ciro Immobile
93.8%
Team of the Year 2015Mauro Icardi
92.4%
Team of the Year 2018Sergej Milinković-Savić
92.4%
Team of the Year 2018Mauro Icardi
92.4%
Team of the Year 2011Antonio Di Natale
91.7%
Team of the Year 2012Antonio Di Natale
91.7%
Team of the Year 2013Antonio Di Natale
91.7%
Team of the Year 2017Alex Sandro
91.7%
Team of the Year 2018Alisson Becker
91.7%
Team of the Year 2018Alex Sandro
91.7%
Hint Answer % Correct
Team of the Year 2014Mehdi Benatia
91%
Team of the Year 2015Radja Nainggolan
89.7%
Team of the Year 2016Radja Nainggolan
89.7%
Team of the Year 2017Radja Nainggolan
89.7%
Team of the Year 2018Radja Nainggolan
89.7%
Team of the Year 2011Claudio Marchisio
89%
Team of the Year 2012Claudio Marchisio
89%
Team of the Year 2019Duván Zapata
88.3%
Team of the Year 2014Kwadwo Asamoah
87.6%
Team of the Year 2018João Cancelo
87.6%
Team of the Year 2019João Cancelo
87.6%
Team of the Year 2019Aleksandar Kolarov
87.6%
Team of the Year 2011Thiago Silva
83.4%
Team of the Year 2012Thiago Silva
83.4%
Team of the Year 2019Fabio Quagliarella
83.4%
Team of the Year 2017Dani Alves
82.8%
Team of the Year 2019Josip Iličić
81.4%
Team of the Year 2015Luca Toni
77.2%
Team of the Year 2011Kevin-Prince Boateng
67.6%
Team of the Year 2013Borja Valero
65.5%
Team of the Year 2013Mario Balotelli
61.4%
Team of the Year 2011Alessandro Nesta / Andrea Ranocchia
60.7%
Team of the Year 2011Christian Maggio
57.9%
Team of the Year 2012Christian Maggio
57.9%
Team of the Year 2013Christian Maggio
57.9%
Team of the Year 2019Nicolò Barella
51%
Team of the Year 2014Matteo Darmian
46.2%
Team of the Year 2015Matteo Darmian
46.2%
Team of the Year 2015Daniele Rugani
43.4%
Team of the Year 2011Pablo Armero
38.6%
Team of the Year 2012Federico Balzaretti
26.9%
Team of the Year 2012Antonio Nocerino
26.9%
Team of the Year 2013Mattia De Sciglio
23.4%
Remove Ads.
Support Sporcle.
Get the best of Sporcle when you Go Orange. This ad-free experience offers more features, more stats, and more fun while also helping to support Sporcle. Thank you for becoming a member.

You're not logged in!

Compare scores with friends on all Sporcle quizzes.
OR
Log In

Sporcle TV

Today on Sporcle TV


Watch our educational content, quiz creation guides, and fun videos on Sporcle TV.

Show Comments

Extras

Top Quizzes Today


Score Distribution

Paid Content

Your Account Isn't Verified!

In order to create a playlist on Sporcle, you need to verify the email address you used during registration. Go to your Sporcle Settings to finish the process.

Report this User

Report this user for behavior that violates our Community Guidelines.

Details: